| 000 | 01206nam a2200325 a 4500 | ||
|---|---|---|---|
| 001 | ebr10231230 | ||
| 003 | CaPaEBR | ||
| 006 | m u | ||
| 007 | cr cn||||||||| | ||
| 008 | 721027s1966 mnu sb 001 0 eng d | ||
| 010 | _z 66018867 | ||
| 015 | _aGB67-10757 | ||
| 020 | _z9780816603923 | ||
| 020 | _z9780816661985 | ||
| 040 |
_aCaPaEBR _cCaPaEBR |
||
| 035 | _a(OCoLC)233576219 | ||
| 043 | _an-us-ga | ||
| 050 | 1 | 4 |
_aF291 _b.C66 1966eb |
| 082 | 0 | 4 | _a975.804 |
| 100 | 1 | _aConway, Alan. | |
| 245 | 1 | 4 |
_aThe reconstruction of Georgia _h[electronic resource] / _cby Alan Conway. |
| 260 |
_aMinneapolis : _bUniversity of Minnesota Press, _c[1966] |
||
| 300 | _avi, 248 p. | ||
| 504 | _aIncludes bibliographical references (p. [233]-237) and index. | ||
| 533 |
_aElectronic reproduction. _bPalo Alto, Calif. : _cebrary, _d2013. _nAvailable via World Wide Web. _nAccess may be limited to ebrary affiliated libraries. |
||
| 650 | 0 |
_aReconstruction (U.S. history, 1865-1877) _zGeorgia. |
|
| 655 | 7 |
_aElectronic books. _2local |
|
| 710 | 2 | _aebrary, Inc. | |
| 856 | 4 | 0 |
_uhttp://site.ebrary.com/lib/rucke/Doc?id=10231230 _zAn electronic book accessible through the World Wide Web; click to view |
| 999 |
_c39619 _d39619 |
||